000 00376 a2200121 4500
020 _a9780521468213
082 _a005.133 ALC
100 _aAlcock, Donald,
245 _aIllustrating C (ANSI/ISO version) /
_cDonald Alcock.
250 _aRev. ed.
260 _aCambridge ;
_aNew York :
_bCambridge University Press,
_c2008.
300 _aix, 214 p. :
_bill. ;
_c25 cm.
650 _aC (Computer program language)
999 _c142
_d142